000 01204nam a22003617a 4500
003 CHAP
005 20220329133002.0
008 971013s1972 r 00010 d
010 _a961
011 _a1933
035 _a1118
040 _cCHAP
082 0 4 _a512
_bL6Y
100 0 0 _aLovaglia, Florence M.
_968641
245 1 _aAlgebra
260 _aMéxico, D. F. :
_bHarla,
_c1972
300 _a395 p.
_b: ilus.
590 _aBATCH-UPD
_b10
_c20130110
_lUCH01
_h0012
590 _aBATCH-UPD
_b10
_c20130110
_lUCH01
_h1551
590 _aBATCH-UPD
_b10
_c20130410
_lUCH01
_h0949
590 _aBATCH-UPD
_b10
_c20130914
_lUCH01
_h1734
590 _aCONVERSION
_b10
_c20130109
_lUCH01
_h1302
650 1 4 _aÁlgebra.
_982391
700 0 _aConway, Donald.
_927665
700 0 _aElmore, Merritt A.
_936407
901 _aBK
942 _cLIBRO
949 _a512 L6Y
_bBC
_cLIBRO
_d-93594
_eLIBRO
_fc.2
_h64059
_i1118
_mD
_si
949 _a512 L6Y
_bBC
_cLIBRO
_d-93596
_eLIBRO
_fc.4
_h64061
_i1118
_si
949 _a512 L6Y
_bBC
_cLIBRO
_d33724000919916
_eLIBRO
_fc.5
_h64062
_i1118
_si
949 _a512 L6Y
_bBC
_cLIBRO
_d33724000925699
_eLIBRO
_fc.3
_h64060
_i1118
_si
949 _a512 L6Y
_bBC
_cLIBRO
_d33724002110421
_eLIBRO
_h52932
_i1118
_si
999 _c961
_d961